000 00665nam a2200229 i 4500
001 C2-0235774
003 PPAK
005 20180727195754.0
008 010918s1956 io |||| ||||| | may d
040 _aPPAK
_beng
_cPPAK
_erda
082 0 4 _a899.221
_223
090 0 0 _a899.221
_bSIT
_dKAM
100 1 _aSitumorang, Sitor,
_eauthor
245 1 0 _aPertempuran dan saldju di Paris :
_benam tjerita pendek
264 1 _aDjakarta, Indonesia :
_bP.T. Pustaka Rakjat ,
_c1956
300 _a99 pages ;
_c18 cm
336 _2rdacontent
_atext
337 _2rdamedia
_aunmediated
338 _2rdacarrier
_avolume
650 1 0 _aShort stories, Indonesian
942 _ddc
_cB
999 _c51719
_d51719